La economía chilena : (Registro nro. 11725)

Detalles MARC
000 -LEADER
fixed length control field 00648nam a2200193Ia 4500
003 - CONTROL NUMBER IDENTIFIER
control field OSt
005 - DATE AND TIME OF LATEST TRANSACTION
control field 20210514135432.0
008 - FIXED-LENGTH DATA ELEMENTS--GENERAL INFORMATION
fixed length control field 210310s1991 cl gr 000 0 spa d
040 ## - CATALOGING SOURCE
Original cataloging agency CO-JMCR
Transcribing agency CO-JMCR
041 0# - LANGUAGE CODE
Language code of text/sound track or separate title spa
082 04 - DEWEY DECIMAL CLASSIFICATION NUMBER
Classification number 330.983 /
Item number M665f
Edition number 23
110 2# - MAIN ENTRY--CORPORATE NAME
Corporate name or jurisdiction name as entry element Chile :
Subordinate unit Ministerio de Desarrollo Económico
9 (RLIN) 37644
245 13 - TITLE STATEMENT
Title La economía chilena :
Remainder of title un balance del milagro /
Statement of responsibility, etc. Ministerio de Desarrollo Económico
260 ## - PUBLICATION, DISTRIBUTION, ETC.
Place of publication, distribution, etc. Chile :
Name of publisher, distributor, etc. Instituto Colombiano de Comercio Exterior,
Date of publication, distribution, etc. 1991
300 ## - PHYSICAL DESCRIPTION
Extent [140] páginas ;
Dimensions 28 cm.
650 14 - SUBJECT ADDED ENTRY--TOPICAL TERM
Topical term or geographic name entry element Economía chilena
9 (RLIN) 37645
650 24 - SUBJECT ADDED ENTRY--TOPICAL TERM
Topical term or geographic name entry element Importaciones chilenas.
9 (RLIN) 37646
942 ## - ADDED ENTRY ELEMENTS (KOHA)
Source of classification or shelving scheme Dewey Decimal Classification
Koha item type Books
Existencias
Withdrawn status Lost status Source of classification or shelving scheme Damaged status Not for loan Home library Current library Shelving location Date acquired Source of acquisition Full call number Barcode Date last seen Copy number Price effective from Koha item type
    Dewey Decimal Classification     Biblioteca Pública José María del Castillo y Rada Biblioteca Pública José María del Castillo y Rada General Stacks 04/15/2018 Donación 330.983 / M665f 430002178 05/16/2024 Ej.1 03/10/2021 Books